| 000 | 02240cam a2200373 i 4500 | ||
|---|---|---|---|
| 001 | 18082654 | ||
| 003 | OSt | ||
| 005 | 20240309170615.0 | ||
| 008 | 140326s2014 maua b 001 0 eng | ||
| 010 | _a 2014002345 | ||
| 020 | _a9781559394178 (hardback : alk. paper) | ||
| 040 |
_aDLC _beng _cDLC _erda _dDLC |
||
| 041 | 1 |
_aeng _hsan _htib |
|
| 042 | _apcc | ||
| 050 | 0 | 0 |
_aBQ3022.E5 _bB78 2014 |
| 082 | 0 | 0 |
_a294.3/85 _223 |
| 084 |
_aREL007050 _aREL007030 _aREL007020 _2bisacsh |
||
| 130 | 0 |
_aRatnagotravibhāga. _lEnglish. |
|
| 245 | 1 | 0 |
_aWhen the clouds part : _bthe Uttaratantra and its meditative tradition as a bridge between sutra and tantra / _ctranslated and introduced by Karl Brunnholzl. |
| 250 | _aFirst edition. | ||
| 264 | 1 |
_aBoston : _bSnow Lion, _c2014. |
|
| 300 |
_axiii, 1334 pages : _billustrations ; _c24 cm. |
||
| 336 |
_atext _2rdacontent |
||
| 337 |
_aunmediated _2rdamedia |
||
| 338 |
_avolume _2rdacarrier |
||
| 490 | 0 | _aThe Tsadra Foundation series | |
| 504 | _aIncludes bibliographical references (pages 1235-1258) and index. | ||
| 520 |
_a"A new translation of the primary Indian Buddhist text on Buddha nature, with Tibetan commentaries explaining how this text can be used to contemplate and realize one's own Buddha nature. "Buddha nature" (tathāgatagarbha) is the innate potential in all living beings to become a fully awakened Buddha. The book gives an overview of the sūtra sources of the tathāgatagarbha teachings and the different ways of explaining the meaning of this term. In particular, it includes new translations of the Mahāyānottaratantra (Ratnagotravibhāga), the primary Indian text on the subject, its Indian commentaries, and two (hitherto untranslated) commentaries from the Tibetan Kagyu tradition. Most important, the book investigates in detail the meditative tradition of using the Mahāyānottaratantra as a basis for Mahāmudrā instructions and the Shentong approach"-- _cProvided by publisher. |
||
| 650 |
_aMahayana Buddhism _xDoctrines |
||
| 700 | 1 |
_aBrunnhölzl, Karl, _etranslator. |
|
| 906 |
_a7 _bcbc _corignew _d1 _eecip _f20 _gy-gencatlg |
||
| 942 |
_2ddc _cBOOK _n0 |
||
| 999 |
_c254 _d254 |
||